The heat-treatment of steel, (Record no. 548596)
[ view plain ]
| 000 -LEADER | |
|---|---|
| fixed length control field | 00531cam a2200169u 4500 |
| 082 ## - DEWEY DECIMAL CLASSIFICATION NUMBER | |
| Classification number | 672.36 |
| Author Mark | GRE |
| -- | L-17, P-62 |
| 100 1# - MAIN ENTRY--PERSONAL NAME | |
| Personal name | Gregory, Edwin, |
| 9 (RLIN) | 44850 |
| 245 04 - TITLE STATEMENT | |
| Title | The heat-treatment of steel, |
| Statement of responsibility, etc. | Gregory, Edwin, |
| 250 ## - EDITION STATEMENT | |
| Edition statement | 1st ed |
| 260 ## - PUBLICATION, DISTRIBUTION, ETC. | |
| Place of publication, distribution, etc. | London, |
| Name of publisher, distributor, etc. | Pitman, |
| Date of publication, distribution, etc. | 1947. |
| 300 ## - PHYSICAL DESCRIPTION | |
| Extent | x, 358 p. |
| Other physical details | illus., chart, diagrs., tables. |
| Dimensions | 23 cm. |
| 526 ## - STUDY PROGRAM INFORMATION NOTE | |
| Program name | 0 |
| Interest level | 0 |
| Reading level | 0 |
| Title point value | 672_360000000000000_GRE |
| 650 #0 - SUBJECT ADDED ENTRY--TOPICAL TERM | |
| Topical term or geographic name entry element | MCE |
| 9 (RLIN) | 379 |
| 650 #0 - SUBJECT ADDED ENTRY--TOPICAL TERM | |
| Topical term or geographic name entry element | Steel |
| General subdivision | Heat treatment. |
| 9 (RLIN) | 44953 |
| 700 1# - ADDED ENTRY--PERSONAL NAME | |
| Personal name | Simons, Eric N., [from old catalog] |
| 9 (RLIN) | 44954 |
| 942 ## - ADDED ENTRY ELEMENTS (KOHA) | |
| Source of classification or shelving scheme | |
| Koha item type | Book |
| Withdrawn status | Lost status | Source of classification or shelving scheme | Damaged status | Not for loan | Permanent Location | Current Location | Date acquired | Total Checkouts | Full call number | Barcode | Date last seen | Price effective from | Koha item type |
|---|---|---|---|---|---|---|---|---|---|---|---|---|---|
| Military College of Engineering (MCE) | Military College of Engineering (MCE) | 09/03/2014 | 672.36 GRE | MCE-40390 | 09/03/2014 | 03/14/2021 | Book |
